000
00304nam a22001337a 4500
008
171023b xxu||||| |||| 00| 0 eng d
020
_a
9780072833478
041
_a
eng
080
_a
338
100
_a
54
101
_a
MEN
245
_a
INTRODUCTION MANAGEMENT SCIENCE
_c
HILLIER.F.S
942
_2
udc
_c
BK
999
_c
35409
_d
35409